000 01145nam a2200241 a 4500
001 77615
003 BD-RjUL
005 20211209083013.0
008 201210s2019 bg a|||| |||| 00| 0 ben d
035 _a(BD-RjUL)77841
040 _aBD-RjUL
_beng
_cBD-RjUL
041 _aeng
082 _223
_a954.9205
_bSAH 2019
245 1 0 _aশহীদ স্মৃতি সংগ্রহশালা /
_cসম্পাদক: আনন্দ কুমার সাহা ; সহযোগী সম্পাদক: মো. বনি আদম
260 _aরাজশাহী :
_bরাজশাহী বিশ্ববিদ্যালয়,
_c২০১৯
300 _a৮৮ পৃ.:
_bচিত্র ;
_c২৫ সেমি.
650 _a
_9242444
651 _aবাংলাদেশ
_xইতিহাস
_xমুক্তিযুদ্ধ
_y১৯৭১
_9242445
651 _aBangladesh
_xHistory
_xRevolution
_y1971
_9242446
700 _aসাহা, আনন্দ কুমার, সম্পাদক
_9247590
700 _aআদম, মো. বনি, সহযোগী সম্পাদক
_9232459
942 _2ddc
_cBK
999 _c77615
_d77615